000 00526nam a2200169 a 4500
008 120416s1973 ||||||||||||||||| || u
020 _a0094549729
050 _aQL 9 LEF
100 _aLeftwich, A. W
245 1 2 _aA dictionary of zoology. (3rd ed.)
250 _a3rd ed.
260 _aLondon
_bConstable
_c1973
300 _aix, 478p.
350 _a0.00
650 _aZOOLOGY--DICTIONARIES
995 _D0.00
_FCBU-MAIN LIBRARY (Kitwe)
_H1
_I4.00
_M1
_UREFERENCE
_ZReference Collection
999 _c40112
_d40112